LEADER 01436nam 2200385 a 450 001 9910701968303321 005 20120711144404.0 035 $a(CKB)5470000002422433 035 $a(OCoLC)798834803 035 $a(EXLCZ)995470000002422433 100 $a20120711d2012 ua 0 101 0 $aeng 135 $aurbn||||||||| 181 $ctxt$2rdacontent 182 $cc$2rdamedia 183 $acr$2rdacarrier 200 10$aAtomic energy [electronic resource] $efuel : agreement between the United States of America and Latvia, signed at Washington, April 25, 2005 210 1$a[Washington, D.C.] :$cU.S. Dept. of State,$d[2012?] 215 $a1 online resource (13 unnumbered pages) 225 1 $aTreaties and other international acts series ;$v05-425.1 300 $aTitle from title screen (viewed on July 11, 2012). 517 $aAtomic energy [electronic resource] 606 $aNuclear fuels$xLaw and legislation$zUnited States 606 $aNuclear fuels$xLaw and legislation$zLatvia 606 $aNuclear nonproliferation$xInternational cooperation 615 0$aNuclear fuels$xLaw and legislation 615 0$aNuclear fuels$xLaw and legislation 615 0$aNuclear nonproliferation$xInternational cooperation. 712 02$aUnited States.$bDepartment of State. 801 0$bGPO 801 1$bGPO 906 $aBOOK 912 $a9910701968303321 996 $aAtomic energy$92245291 997 $aUNINA